NARENDRA MODI: A CHARISMATIC & VISIONARY STATESMAN (Record no. 8341)

MARC details
000 -LEADER
fixed length control field 00399nam a22001337a 4500
005 - DATE AND TIME OF LATEST TRANSACTION
control field 20230726122522.0
008 - FIXED-LENGTH DATA ELEMENTS--GENERAL INFORMATION
fixed length control field 230726b |||||||| |||| 00| 0 eng d
041 ## - LANGUAGE CODE
Language code of text/sound track or separate title eng
100 ## - MAIN ENTRY--AUTHOR NAME
Personal name AGGARWALA, DR. ADISH C. AND MARCHINGTON, MS. SARAH J.
245 ## - TITLE STATEMENT
Title NARENDRA MODI: A CHARISMATIC & VISIONARY STATESMAN
260 ## - PUBLICATION, DISTRIBUTION, ETC. (IMPRINT)
Place of publication LONDON
Name of publisher UK. PUBLISHERS & DISTRIBUTORS LTD.
300 ## - PHYSICAL DESCRIPTION
Number of Pages 368;P
942 ## - ADDED ENTRY ELEMENTS (KOHA)
Koha item type Books
Holdings
Lost status Damaged status Collection code Home library Current library Shelving location Date acquired Source of acquisition Full call number Accession Number Koha item type
    ENGLISH LITERATURE JRU Library JRU Library SHELF-103-A 25/07/2023 DONATION 954.0532 0013/D Books